[Event "Medellin de La Raza U2000 op"]
[Site "Medellin"]
[Date "2023.10.14"]
[Round "4"]
[White "Morales, Luis Eduardo"]
[Black "Jaramillo Chavarria, Sofia"]
[Result "1-0"]
[WhiteElo "1568"]
[BlackElo "1473"]
[PlyCount "59"]
[EventDate "2023.10.12"]
[EventType "swiss"]
[EventRounds "9"]
[EventCountry "COL"]
[SourceTitle "Mega2024 Update 01"]
[Source "Chessbase"]
[SourceDate "2023.11.12"]
[SourceVersion "1"]
[SourceVersionDate "2023.11.12"]
[SourceQuality "1"]

1. e4 e5 2. Nf3 Nf6 3. Nc3 Bb4 4. Bc4 d6 5. d3 h6 6. h3 0-0 7. 0-0 Re8 8. Bd2 Be6 9. Bxe6 Rxe6 10. a3 Bc5 11. b4 Bb6 12. Na4 d5 13. Nxb6 axb6 14. exd5 Nxd5 15. Re1 Nd7 16. c4 Ne7 17. d4 Ng6 18. d5 Re8 19. Bc3 f6 20. Qc2 Ne7 21. a4 Nf8 22. Rad1 Qd7 23. b5 Nf5 24. Bb4 Nd6 25. Nh4 Red8 26. Re3 Qe8 27. Rg3 Nd7 28. Bxd6 cxd6 29. Nf5 Qf8 30. Rxg7+ 1-0

[Event "Medellin Easter op 11th"]
[Site "Medellin"]
[Date "2023.04.06"]
[Round "3"]
[White "Morales, Luis Eduardo"]
[Black "Paz Ledezma, Mauricio"]
[Result "1-0"]
[WhiteElo "1658"]
[BlackElo "1041"]
[PlyCount "57"]
[EventDate "2023.04.05"]
[EventType "swiss"]
[EventRounds "7"]
[EventCountry "COL"]
[SourceTitle "CBM 213 Extra"]
[Source "ChessBase"]
[SourceDate "2023.05.31"]
[SourceVersion "1"]
[SourceVersionDate "2023.05.31"]
[SourceQuality "1"]

1. e4 e5 2. Nf3 Nc6 3. Bb5 d6 4. Nc3 Nf6 5. Bxc6+ bxc6 6. h3 g6 7. d3 h6 8. 0-0 Bg7 9. Be3 0-0 10. Qd2 Kh7 11. Nh2 d5 12. Bc5 Re8 13. Rad1 dxe4 14. dxe4 Ba6 15. Rfe1 Qxd2 16. Rxd2 Rad8 17. Red1 Rxd2 18. Rxd2 Rb8 19. b3 Bf8 20. Bxf8 Rxf8 21. Ng4 Nxg4 22. hxg4 Kg7 23. Rd7 Rc8 24. Na4 Be2 25. f3 Bb5 26. Nc5 Kf8 27. c4 Rb8 28. Rxc7 f5 29. Nd7+ 1-0

[Event "Pereira Fiestas de la Cosecha"]
[Site "Pereira"]
[Date "2022.08.27"]
[Round "8"]
[White "Morales, Luis Eduardo"]
[Black "Franco, Jhonier"]
[Result "0-1"]
[WhiteElo "1629"]
[BlackElo "1868"]
[PlyCount "94"]
[EventDate "2022.08.24"]
[EventType "swiss"]
[EventRounds "10"]
[EventCountry "COL"]
[SourceTitle "CBM 210 Extra"]
[Source "ChessBase"]
[SourceDate "2022.11.30"]
[SourceVersion "1"]
[SourceVersionDate "2022.11.30"]
[SourceQuality "1"]

1. e4 c5 2. c3 d5 3. e5 Nc6 4. d4 Bf5 5. Bb5 e6 6. Ne2 h5 7. Ng3 Bg6 8. Bxc6+ bxc6 9. Nd2 h4 10. Ne2 h3 11. g3 c4 12. Nf4 Bh7 13. Qh5 Qd7 14. Qd1 c5 15. a3 f6 16. Qh5+ Qf7 17. Qxh3 f5 18. Nf3 Be7 19. Qh5 g6 20. Qh3 g5 21. Qf1 gxf4 22. Bxf4 Bg6 23. Qe2 Bh5 24. Qe3 Bxf3 25. Qxf3 Qh5 26. Qe3 cxd4 27. cxd4 Rb8 28. Rb1 Rb3 29. Qe2 Qxe2+ 30. Kxe2 Kd7 31. h4 Nh6 32. Rhc1 Nf7 33. Rc3 Rhb8 34. Rxb3 Rxb3 35. Bd2 Kc6 36. Bc3 Kb7 37. Kd2 Bxa3 38. Kc2 Bb4 39. Bxb4 Rxb4 40. Rg1 Kc7 41. g4 fxg4 42. Rxg4 Kd7 43. h5 Rb8 44. f4 Rh8 45. Rh4 Nh6 46. Rh1 Nf5 47. Ra1 Nxd4+ 0-1

[Event "Medellin U2000 op"]
[Site "Medellin"]
[Date "2022.05.20"]
[Round "3"]
[White "Valencia, Yovani Esneyder"]
[Black "Morales, Luis Eduardo"]
[Result "1-0"]
[WhiteElo "1572"]
[BlackElo "1703"]
[PlyCount "67"]
[EventDate "2022.05.18"]
[EventType "swiss"]
[EventRounds "7"]
[EventCountry "COL"]
[SourceTitle "CBM 208 Extra"]
[Source "ChessBase"]
[SourceDate "2022.07.31"]
[SourceVersion "1"]
[SourceVersionDate "2022.07.31"]
[SourceQuality "1"]

1. d4 d5 2. Bf4 Bf5 3. e3 Nf6 4. c4 e6 5. Qb3 Nc6 6. Qxb7 Nb4 7. Na3 Rb8 8. Qxa7 Ra8 9. Qxc7 Qxc7 10. Bxc7 Rxa3 11. bxa3 Nc2+ 12. Kd1 Nxa1 13. c5 Bc2+ 14. Kc1 Ba4 15. Bd3 Kd7 16. Bb6 Ne4 17. Nh3 Nb3+ 18. axb3 Bxb3 19. Bb5+ Kc8 20. Kb2 Bc4 21. a4 Kb7 22. Rc1 Nd6 23. Bd7 Be7 24. a5 Nc8 25. Kc3 Nxb6 26. axb6 Ra8 27. Rb1 Ra3+ 28. Kd2 Rb3 29. Ra1 Rb2+ 30. Kc3 Rb3+ 31. Kc2 f6 32. Ra7+ Kb8 33. Bc6 Bd6 34. Ra8# 1-0

[Event "Manizales Las Americas op-B"]
[Site "Manizales"]
[Date "2021.10.18"]
[Round "8"]
[White "Morales, Luis Eduardo"]
[Black "Coca Cubillos, Jesus Alberto"]
[Result "0-1"]
[WhiteElo "1701"]
[BlackElo "1996"]
[PlyCount "58"]
[EventDate "2021.10.14"]
[EventType "swiss"]
[EventRounds "9"]
[EventCountry "COL"]
[SourceTitle "EXT 2023"]
[Source "ChessBase"]
[SourceDate "2022.10.05"]
[SourceVersion "1"]
[SourceVersionDate "2022.10.05"]
[SourceQuality "1"]

1. e4 Nf6 2. Nc3 d5 3. e5 d4 4. exf6 dxc3 5. fxg7 cxd2+ 6. Bxd2 Bxg7 7. c3 Nc6 8. Bc4 Ne5 9. Qe2 0-0 10. 0-0-0 Nxc4 11. Qxc4 Be6 12. Qa4 Qd5 13. Nf3 Qxa2 14. Qxa2 Bxa2 15. Kc2 Bd5 16. Nh4 e6 17. Bf4 c6 18. f3 a5 19. b3 b5 20. Ra1 c5 21. Bc7 Bf6 22. g3 a4 23. bxa4 bxa4 24. Rhf1 Rfc8 25. Bf4 Rd8 26. Bc7 Bb3+ 27. Kc1 Rd3 28. Rb1 Bxc3 29. Ng2 Bd2+ 0-1

[Event "COL-ch Cat D U1800"]
[Site "Medellin"]
[Date "2021.06.13"]
[Round "5"]
[White "Morales, Luis Eduardo"]
[Black "Perez Tangarife, Simon"]
[Result "1/2-1/2"]
[WhiteElo "1714"]
[BlackElo "1310"]
[PlyCount "20"]
[EventDate "2021.06.10"]
[EventType "swiss"]
[EventRounds "7"]
[EventCountry "COL"]
[SourceTitle "EXT 2022"]
[Source "ChessBase"]
[SourceDate "2021.10.06"]
[SourceVersion "1"]
[SourceVersionDate "2021.10.06"]
[SourceQuality "1"]

1. e4 e5 2. Nf3 Nc6 3. Bc4 Bc5 4. c3 Nf6 5. d3 d5 6. exd5 Nxd5 7. 0-0 0-0 8. h3 Be6 9. Bb5 Qf6 10. Bxc6 bxc6 1/2-1/2

[Event "COL-ch Cat D U1800"]
[Site "Medellin"]
[Date "2021.06.11"]
[Round "2"]
[White "De la Hoz, Rafael"]
[Black "Morales, Luis Eduardo"]
[Result "1-0"]
[WhiteElo "1686"]
[BlackElo "1714"]
[PlyCount "45"]
[EventDate "2021.06.10"]
[EventType "swiss"]
[EventRounds "7"]
[EventCountry "COL"]
[SourceTitle "EXT 2022"]
[Source "ChessBase"]
[SourceDate "2021.10.06"]
[SourceVersion "1"]
[SourceVersionDate "2021.10.06"]
[SourceQuality "1"]

1. e4 c6 2. f4 e5 3. d3 exf4 4. Bxf4 d5 5. Nd2 Qb6 6. exd5 Bc5 7. Qe2+ Kd8 8. Nc4 Qb5 9. Qe5 Ne7 10. Qc7+ Ke8 11. d6 Bd7 12. dxe7 Na6 13. Qe5 f6 14. Qe2 Nb4 15. d4 Nxc2+ 16. Qxc2 Bb4+ 17. Kf2 Qd5 18. Nf3 b5 19. Ne3 Qh5 20. Be2 Qf7 21. Rhe1 Bxe1+ 22. Rxe1 Qxa2 23. Bd3 1-0

[Event "Medellin Aristizabal Cup"]
[Site "Medellin"]
[Date "2018.07.06"]
[Round "3"]
[White "Morales, Luis Eduardo"]
[Black "Caicedo, Carlos Andres"]
[Result "0-1"]
[WhiteElo "1738"]
[BlackElo "1976"]
[PlyCount "48"]
[EventDate "2018.07.04"]
[EventType "swiss"]
[EventRounds "7"]
[EventCountry "COL"]
[SourceTitle "CBM 185 Extra"]
[Source "ChessBase"]
[SourceDate "2018.07.29"]
[SourceVersion "1"]
[SourceVersionDate "2018.07.29"]
[SourceQuality "1"]

1. e4 e5 2. Nf3 Nf6 3. Nc3 Bb4 4. d3 Nc6 5. Bd2 d5 6. exd5 Nxd5 7. Nxd5 Bxd2+ 8. Qxd2 Qxd5 9. Be2 Bg4 10. Qg5 Be6 11. Qxg7 0-0-0 12. Qh6 Rhg8 13. Rg1 Rg6 14. Qd2 e4 15. Nh4 Rgg8 16. g3 Nd4 17. c4 Qc6 18. b3 Nxe2 19. Qxe2 Bg4 20. f3 exf3 21. Qf2 Rge8+ 22. Kd1 Rxd3+ 23. Kc1 Qf6 24. Rb1 Re2 0-1

[Event "Medellin Luces Cup"]
[Site "Medellin"]
[Date "2017.12.21"]
[Round "7"]
[White "Morales, Luis Eduardo"]
[Black "Escobar Leon, Ramiro"]
[Result "1-0"]
[WhiteElo "1738"]
[BlackElo "1645"]
[PlyCount "57"]
[EventDate "2017.12.18"]
[EventType "swiss"]
[EventRounds "7"]
[EventCountry "COL"]
[SourceTitle "CBM 182 Extra"]
[Source "ChessBase"]
[SourceDate "2018.02.23"]
[SourceVersion "1"]
[SourceVersionDate "2018.02.23"]
[SourceQuality "1"]

1. e4 Nf6 2. e5 Nd5 3. d4 d6 4. c4 Nb6 5. f4 dxe5 6. fxe5 e6 7. Nf3 Be7 8. Be2 0-0 9. 0-0 c5 10. Nc3 cxd4 11. Nxd4 Bc5 12. Rf4 Nc6 13. Be3 Nxe5 14. b3 Ng6 15. Rf1 e5 16. Nf5 Bxe3+ 17. Nxe3 Qd4 18. Qc1 a6 19. Rd1 Qc5 20. Kh1 Bd7 21. Ne4 Qe7 22. c5 Bc6 23. Ng3 Nd7 24. b4 Nf4 25. Bf3 Bxf3 26. gxf3 Nf6 27. Ngf5 Qc7 28. Rd6 Rad8 29. Qg1 1-0

[Event "Medellin Navideno op"]
[Site "Medellin"]
[Date "2016.12.20"]
[Round "6"]
[White "Morales, Luis Eduardo"]
[Black "Espinosa Valderrama, Santiago"]
[Result "1-0"]
[WhiteElo "1810"]
[BlackElo "1615"]
[PlyCount "29"]
[EventDate "2016.12.16"]
[EventType "swiss"]
[EventRounds "7"]
[EventCountry "COL"]
[SourceTitle "CBM 176 Extra"]
[Source "ChessBase"]
[SourceDate "2017.03.02"]
[SourceVersion "1"]
[SourceVersionDate "2017.03.02"]
[SourceQuality "1"]

1. e4 e6 2. d4 b6 3. c4 Bb7 4. Bd3 Nf6 5. Qe2 Be7 6. Nf3 d5 7. cxd5 exd5 8. e5 Nfd7 9. Nc3 0-0 10. h4 c5 11. Bxh7+ Kxh7 12. Ng5+ Kg8 13. Qh5 Bxg5 14. hxg5 f5 15. e6 1-0

[Event "Medellin Navideno op"]
[Site "Medellin"]
[Date "2016.12.20"]
[Round "7"]
[White "Uribe Valencia, Victor Alexis"]
[Black "Morales, Luis Eduardo"]
[Result "1-0"]
[WhiteElo "1836"]
[BlackElo "1810"]
[PlyCount "79"]
[EventDate "2016.12.16"]
[EventType "swiss"]
[EventRounds "7"]
[EventCountry "COL"]
[SourceTitle "CBM 176 Extra"]
[Source "ChessBase"]
[SourceDate "2017.03.02"]
[SourceVersion "1"]
[SourceVersionDate "2017.03.02"]
[SourceQuality "1"]

1. e4 c6 2. d4 d5 3. e5 Bf5 4. Nf3 e6 5. Be2 Qb6 6. 0-0 c5 7. Nc3 Nc6 8. Be3 c4 9. Rb1 Nb4 10. Ne1 Qa5 11. a3 Nc6 12. Nf3 b5 13. Nh4 Bg6 14. Nxg6 hxg6 15. Na2 Nh6 16. Bd2 Qd8 17. Be1 Nf5 18. c3 Qh4 19. h3 Qh7 20. Nb4 Bxb4 21. axb4 Nh4 22. Bg4 Kd7 23. b3 f5 24. exf6 gxf6 25. bxc4 f5 26. cxd5 exd5 27. Bf3 Kd6 28. Bd2 Ne7 29. Bf4+ Kc6 30. Re1 Rad8 31. Bg5 Rd7 32. Re6+ Kc7 33. Rxe7 Rxe7 34. Bxe7 Qxe7 35. Bxd5 g5 36. Qe1 Re8 37. Qxe7+ Rxe7 38. g3 Ng6 39. Kf1 Re8 40. Bf7 1-0

[Event "Medellin Navideno op"]
[Site "Medellin"]
[Date "2016.12.17"]
[Round "2"]
[White "Morales, Luis Eduardo"]
[Black "Soto, Christian Camilo"]
[Result "0-1"]
[WhiteElo "1810"]
[BlackElo "2090"]
[PlyCount "50"]
[EventDate "2016.12.16"]
[EventType "swiss"]
[EventRounds "7"]
[EventCountry "COL"]
[SourceTitle "CBM 176 Extra"]
[Source "ChessBase"]
[SourceDate "2017.03.02"]
[SourceVersion "1"]
[SourceVersionDate "2017.03.02"]
[SourceQuality "1"]

1. e4 c5 2. c3 e6 3. d4 d5 4. e5 Nc6 5. Be3 Nge7 6. Nf3 Nf5 7. Be2 f6 8. Bb5 Qb6 9. Qb3 Bd7 10. Bxc6 Bxc6 11. Qxb6 axb6 12. Bf4 Bb5 13. exf6 gxf6 14. Bc7 Ra6 15. Na3 Bd3 16. Kd2 Be4 17. Nb5 Rg8 18. Bg3 Bh6+ 19. Ke2 Ra8 20. Na3 Bxf3+ 21. gxf3 cxd4 22. Kd3 dxc3 23. Kxc3 Kd7 24. f4 Rac8+ 25. Kd2 e5 0-1

[Event "Bogota Mayores Distrital op 04"]
[Site "Bogota"]
[Date "2011.04.14"]
[Round "1.9"]
[White "Almanza, Rafael Andres"]
[Black "Morales, Luis Eduardo"]
[Result "1-0"]
[WhiteElo "2159"]
[BlackElo "1954"]
[PlyCount "93"]
[EventDate "2011.04.14"]
[EventType "swiss"]
[EventRounds "7"]
[EventCountry "COL"]
[SourceTitle "EXT 2024"]
[Source "ChessBase"]
[SourceDate "2023.10.10"]
[SourceVersion "1"]
[SourceVersionDate "2023.10.10"]
[SourceQuality "1"]

1. e4 c6 2. d4 d5 3. Nc3 dxe4 4. Nxe4 Nd7 5. Ng5 Ngf6 6. Bd3 e6 7. N1f3 Bd6 8. Qe2 h6 9. Ne4 Nxe4 10. Qxe4 Nf6 11. Qe2 Qc7 12. 0-0 0-0 13. c4 b6 14. b3 Rd8 15. Bb2 Bb7 16. Rad1 Qe7 17. Rfe1 Bb4 18. Rf1 Bd6 19. Ne5 c5 20. dxc5 Bxc5 21. Kh1 Nd7 22. Ng4 Qh4 23. Be4 Bxe4 24. Qxe4 Qe7 25. Qf3 f6 26. Qg3 Kh8 27. Rd2 Nf8 28. Re2 Rd7 29. Nxf6 gxf6 30. Qf3 e5 31. Qxa8 Kg7 32. f4 Bd4 33. Bxd4 Rxd4 34. fxe5 f5 35. h3 f4 36. Qf3 Ng6 37. Re4 Rd2 38. Rd1 Qd7 39. Rxd2 Qxd2 40. Qe2 Qd7 41. e6 Qe7 42. Qb2+ Kg8 43. Qd4 h5 44. Qd7 Kf8 45. Qxe7+ Kxe7 46. Kg1 Kf6 47. Kf2 1-0